[Event "Bregenz Bodensee Seniors op"]
[Site "Bregenz"]
[Date "2024.05.11"]
[Round "7"]
[White "Lassahn, Holger"]
[Black "Bleecke, Hans"]
[Result "1/2-1/2"]
[WhiteElo "1963"]
[BlackElo "1871"]
[PlyCount "82"]
[EventDate "2024.05.05"]
[EventType "swiss"]
[EventRounds "7"]
[EventCountry "AUT"]
[SourceTitle "CBM 220 Extra"]
[Source "ChessBase"]
[SourceDate "2024.07.31"]
[SourceVersion "1"]
[SourceVersionDate "2024.07.31"]
[SourceQuality "1"]

1. e4 e5 2. Nf3 Nc6 3. Bc4 Nf6 4. d4 exd4 5. e5 d5 6. Bb5 Ne4 7. 0-0 a6 8. Bxc6+ bxc6 9. Nxd4 c5 10. Nf3 Bg4 11. h3 Bh5 12. c4 c6 13. cxd5 cxd5 14. Qa4+ Qd7 15. Qxd7+ Kxd7 16. Rd1 Ke6 17. Bf4 g5 18. Bh2 g4 19. hxg4 Bxg4 20. Nc3 Nxc3 21. bxc3 Be7 22. Rdb1 Rhb8 23. Rb3 Bf5 24. Bf4 Bd3 25. g3 Bc4 26. Rbb1 Rb5 27. a4 Rb3 28. Nd2 Rxb1+ 29. Rxb1 Bd3 30. Rb6+ Kd7 31. Rb7+ Ke8 32. Nf3 Rc8 33. Ng5 d4 34. cxd4 cxd4 35. f3 Bc2 36. a5 d3 37. Ne4 Ba4 38. Kf2 Bb5 39. Ke3 Rd8 40. Nd6+ Bxd6 41. exd6 Rd7 1/2-1/2